00619nam a22001817a 450000500170000001000150001702000270003203500140005903700090007308200150008210000170009724501070011425000060022126000420022727001070026930000350037670000260041120240708161916.0 aENG-140837 a9789390325726c1149.00 aEN-124369 bDBAD 21a004.068 aMaloo, Somit aCCNP and CCIE Data Center Core:bDCCOR 350-601 Official Cert Guide/cBy Somit Maloo, [and] Firas Ahmad a1 aNoida bPearson India Educationc2022 a15th floor, Tower- B, World Trade Tower, plot No.1, Block -C, Sector-16, Noida,bUttar Pradeshe201301 axxxix,1013p.c23cm(pbk)bIndex aAhmad, Firas eAuthor